000 01111nam0a2200289 i 4500
001 RU\NLR\BIBL_A\010703229
005 20240921191456.0
010 _a9785940746935
_9300
035 _a(NILC)RuMoRGB-006757309
035 _a(NLR Aleph) 010703229
090 _a9730799
_c9730799
100 _a20150318d2013 u y0rusy50 ca
101 0 _arus
102 _aRU
105 _aa|||z|||001yy
200 1 _aИнженерный анализ в Autodesk Simulation Multiphysics
_eметодическое руководство
_fА. В. Пузанов
210 _aМосква
_cДМК Пресс
_d2013
215 _a911 с.
_cил.
_d24
225 1 _aСАПР от А до Я
606 1 _aAUTODESK SIMULATION MULTIPHISICS 2012, система автоматизированного проектирования
_jМетодические пособия
_92247308
_3RU\NLR\AUTH\6601579063
686 1 _aЖ2-5-05я7-1
700 1 _aПузанов
_bА. В.
_gАндрей Викторович
801 0 _aRU
_bРГБ
_c20131223
_gRCR
942 _cBOOK
980 _aNBR